[Event "36th Zalakaros Festival 2017"]
[Site "Zalakaros"]
[Date "2017.05.20"]
[Round "3"]
[White "Plenca, Jadranko"]
[Black "Danin, Alexandre"]
[Result "1/2-1/2"]
[WhiteElo "2446"]
[BlackElo "2543"]
[Annotator "TA"]
[PlyCount "65"]
[EventDate "2017.??.??"]
[EventType "swiss"]
[EventCountry "HUN"]
[SourceTitle "playchess.com"]
[Source "ChessBase"]
[SourceQuality "1"]

{[%evp 25,65,0,0,-23,-28,-22,-29,-29,-17,-38,-47,-40,-39,-39,-39,-39,-39,-39,-39,-45,-52,-42,-45,-42,-39,-42,-20,-33,-32,-34,0,0,0,0,0,0,88,88,88,74,74,74]} 1. e4 e6 2. d4 d5 3. Nd2 c5 4. exd5 Qxd5 5. Ngf3 cxd4 6. Bc4 Qd6 7. O-O Nf6 8. Nb3 Nc6 9. Nbxd4 Nxd4 10. Nxd4 a6 11. Re1 Qc7 12. Qe2 h6 {C07: French Tarrasch: 3...c5, 4 Ngf3 and 4 exd5 Qxd5} 13. g3 b5 {[#] LiveBook: 4 Games} 14. Bxe6 $146 ({Predecessor:} 14. Bb3 Bd6 15. a4 O-O 16. axb5 e5 17. Nc6 Bb7 18. c4 axb5 19. Rxa8 Qxc6 20. Rxf8+ Bxf8 {0-1 (33) Karjakin,S (2762)-Kovalenko,I (2700) Berlin 2015}) 14... fxe6 {Black has an edge.} 15. Nxe6 Bxe6 16. Qxe6+ Be7 17. a4 bxa4 18. Rxa4 {next Rc4 is good for White.} Qd7 19. Qb3 {[#] aiming for Rb4.} Rf8 20. Bf4 Rf7 21. Rxa6 Rxa6 22. Qb8+ Qd8 23. Qb5+ Kf8 24. Qxa6 Kg8 25. c3 Qd7 26. b4 Nd5 27. Qd3 Qf5 (27... Bf6 {feels hotter.} 28. Rd1 Nb6 29. Qxd7 Rxd7 30. Rxd7 Nxd7 31. c4 Kf7) 28. Qxf5 Rxf5 29. Re5 Rxe5 30. Bxe5 Nxb4 (30... Kf7 $11 {keeps the balance.}) 31. cxb4 $16 {White is better.} Bxb4 32. Kg2 h5 33. f4 {Precision: White = 78%, Black = 59%.} 1/2-1/2

[Event "36th Zalakaros Festival 2017"]
[Site "Zalakaros"]
[Date "2017.05.20"]
[Round "3"]
[White "Munkhgal, Gombosuren"]
[Black "Hardicsay, Peter"]
[Result "1-0"]
[WhiteElo "2445"]
[BlackElo "2218"]
[Annotator "TA"]
[PlyCount "51"]
[EventDate "2017.??.??"]
[EventType "swiss"]
[EventCountry "HUN"]
[SourceTitle "playchess.com"]
[Source "ChessBase"]
[SourceQuality "1"]

{[%evp 16,51,21,16,75,69,75,74,63,65,61,58,91,88,127,103,135,114,115,104,115,119,121,118,125,135,184,144,370,375,383,374,384,243,381,374,498,504]} 1. d4 Nf6 2. c4 e6 3. Nc3 Bb4 4. Nf3 c5 5. g3 cxd4 6. Nxd4 O-O 7. Bg2 d5 8. Qb3 Qa5 {E20: Nimzo-Indian: 4 g3 and 4 f3} 9. Bd2 {LiveBook: 3 Games} dxc4 $146 (9... Nc6 $11 10. Nxc6 bxc6) ({Predecessor:} 9... Nc6 10. Nc2 dxc4 11. Qxc4 Be7 12. O-O Bd7 13. Qb5 Rac8 14. Rac1 a6 15. Qxa5 Nxa5 16. b3 {1-0 (62) Almasi,Z (2675)-Balogh,C (2617) Vogosca 2007}) 10. Qxc4 $16 Qc5 {White is slightly better.} 11. Qxc5 Bxc5 12. Nb3 Be7 13. Na5 Nbd7 14. O-O $36 {[%mdl 2048] Keeping Black busy.} Ne8 15. a3 ({Don't play} 15. Bxb7 $6 Bxb7 16. Nxb7 Rb8 $14) 15... h6 16. Rac1 ({Don't take} 16. Bxb7 $6 Bxb7 17. Nxb7 Rb8 $11) 16... Nd6 17. Na4 {[%cal Bc3a4,Ba4c5,Bc5e4,Be4d6][%mdl 32]} Rb8 18. Rfd1 Nb6 19. Nc5 {Threatens to win with Bf4.} e5 20. Bb4 {Strongly threatening Na6!} Rd8 21. Ne4 Nf5 $2 {[#]} (21... Nxe4 $16 22. Bxe7 Rxd1+ 23. Rxd1 Bf5) 22. Bxe7 $18 Rxd1+ 23. Rxd1 Nxe7 24. Rd8+ Kh7 25. Nd6 f5 26. Re8 {Precision: White = 44%, Black = 28%.} 1-0

[Event "36th Zalakaros Festival 2017"]
[Site "Zalakaros"]
[Date "2017.05.20"]
[Round "3"]
[White "Ikeda, Junta"]
[Black "Mihok, Oliver"]
[Result "0-1"]
[WhiteElo "2412"]
[BlackElo "2532"]
[Annotator "TA"]
[PlyCount "114"]
[EventDate "2017.??.??"]
[EventType "swiss"]
[EventCountry "HUN"]
[SourceTitle "playchess.com"]
[Source "ChessBase"]
[SourceQuality "1"]

{[%evp 27,114,2,13,0,0,-42,-40,-45,-39,-46,-41,-72,-34,-34,-44,-64,-39,-123,-111,-151,-100,-115,-50,-51,-42,-48,-51,-75,-87,-112,-101,-156,-156,-156,-156,-150,-142,-212,-148,-209,-61,-80,-80,-81,-68,-71,0,-93,-94,-108,-111,-115,-120,-233,-215,-233,-223,-235,-200,-237,-243,-233,-226,-236,-232,-224,-181,-170,-189,-244,-164,-395,-422,-383,-317,-410,-423,-416,-411,-397,-385,-476,-417,-479,-402,-432,-367,-376,-353]} 1. Nf3 Nf6 2. g3 g6 3. Bg2 Bg7 4. O-O O-O 5. c4 d6 6. d4 Nbd7 7. Nc3 e5 8. e4 exd4 9. Nxd4 Re8 10. Re1 a6 11. h3 Rb8 12. a4 Ne5 13. b3 {E68: King's Indian: Fianchetto: 6...Nbd7 7 0-0 e5 8 e4} Nfd7 14. Be3 Nc5 {LiveBook: 3 Games} 15. Qc2 {The position is equal.} (15. Bf1 Nc6 16. Rb1 Nxe4 17. Nxe4 Rxe4 18. Nxc6 bxc6 19. Bg2 Re5 20. Bxc6 Bxh3 {½-½ (96) So,W (2760)-McShane,L (2674) Las Vegas 2015}) 15... Ned3 16. Red1 $146 ({Predecessor:} 16. Rf1 Nb4 17. Qd1 Ncd3 18. Rb1 c6 19. Qd2 a5 20. Kh2 Qe7 21. Nde2 f5 22. Rbd1 fxe4 23. Nxe4 Bf5 24. N2c3 d5 25. Bc5 Nxc5 26. Nxc5 Qxc5 {0-1 (26) Scoatarin,J (2097)-Aurel,L (2174) Montigny le Bretonneux 2003}) 16... Nb4 17. Qb1 Bd7 18. Rd2 a5 19. Qd1 Qc8 (19... Bc6 $5) 20. Kh2 Bc6 {[%cal Rc6e4]} 21. Qb1 Re7 22. Nd5 (22. Bg5 $15 Re8 23. Nd5) 22... Bxd5 $1 $17 23. exd5 Qf8 ({Better is} 23... Qe8 $1 24. Bf4 Ne4 25. Bxe4 Rxe4) 24. Bg5 Re5 (24... f6 $1 $17 {[%cal Rf6g5]} 25. Be3 f5) 25. Bf4 $1 $15 Bh6 26. Bxh6 Qxh6 27. Qd1 Rbe8 {Strongly threatening ...Re1!} 28. Nf3 R5e7 29. Bf1 (29. Rc1 $142) 29... Qg7 $17 {White must now prevent ...Nxb3!} 30. Rc1 Qf6 31. Kg2 Kg7 32. h4 (32. Nh2 $17) 32... h6 33. Rd4 (33. Nd4 $17) 33... Re4 (33... Ne4 $1 $19 34. Bd3 Nxf2 $1 {[%mdl 512]} 35. Kxf2 Re3) 34. Rxe4 Rxe4 35. Rb1 Qc3 36. Qd2 Qf6 (36... Qc2 $17 37. Qxc2 Nxc2) 37. Qb2 (37. Qd1 $1 $11 {remains equal.}) 37... Qxb2 38. Rxb2 f5 39. Kg1 Kf6 40. Kg2 {[#]} (40. Rb1 $17) 40... g5 $1 $19 41. hxg5+ hxg5 {[%cal Bh6g5,Bg5g4][%mdl 32]} 42. Nd2 Re7 43. Nf3 g4 44. Nd4 {[#]} Re1 $1 45. Nb5 Nba6 46. Be2 {[#]} Nxb3 $1 {[%mdl 512]} 47. Bxg4 (47. Rxb3 Rxe2) 47... Nbc5 48. Bh3 (48. Be2 {was worth a try.}) 48... Re4 ({Much less strong is} 48... Nxa4 49. Rb3 $17) 49. Rd2 $2 (49. Rc2 {is a better defense.}) 49... Rxc4 50. Nd4 f4 51. gxf4 Ne4 52. Rd1 Nc3 53. Rd2 Nxd5 54. Kg3 Rxa4 55. Ne6 Nc3 {aiming for ...Ne4+.} 56. f3 {Now Nxc7 and White clings on.} Nc5 57. Nxc5 dxc5 {Precision: White = 39%, Black = 72%.} 0-1

[Event "36th Zalakaros Festival 2017"]
[Site "Zalakaros"]
[Date "2017.05.20"]
[Round "3"]
[White "Kozak, Adam"]
[Black "Havanecz, Bianka"]
[Result "1/2-1/2"]
[WhiteElo "2411"]
[BlackElo "2210"]
[Annotator "TA"]
[PlyCount "89"]
[EventDate "2017.??.??"]
[EventType "swiss"]
[EventCountry "HUN"]
[SourceTitle "playchess.com"]
[Source "ChessBase"]
[SourceQuality "1"]

{[%evp 19,89,35,66,36,54,33,44,31,66,52,73,73,88,73,88,63,66,48,51,35,25,27,35,30,40,41,66,43,59,43,47,43,86,64,77,75,122,89,153,138,132,88,77,75,109,54,66,0,93,103,112,36,121,72,81,61,181,29,32,6,27,0,53,59,83,0,0,0,56,0,0,0]} 1. d4 Nf6 2. c4 e6 3. Nf3 Bb4+ 4. Bd2 a5 5. g3 d6 6. Bg2 Nbd7 7. O-O Bxd2 8. Qxd2 O-O 9. Nc3 e5 10. Rfd1 {E11: Bogo-Indian} Re8 {LiveBook: 3 Games} 11. Rac1 $146 ({Predecessor:} 11. dxe5 dxe5 12. Rac1 e4 13. Ng5 e3 14. fxe3 Ra6 15. e4 Rd6 16. Qf4 Ne5 17. Rxd6 Qxd6 {0-1 (40) Lin,Y (2403)-Bogdanovich,S (2602) Ho Chi Minh City 2017}) 11... h6 12. b3 {White is slightly better.} e4 13. Ne1 {[%cal Bf3e1,Be1c2,Bc2e3][%mdl 32]} b6 14. Nc2 Bb7 15. Ne3 Qe7 16. Qc2 Rac8 17. Qb2 h5 18. a3 Ng4 19. Qd2 Nxe3 20. Qxe3 f5 21. b4 axb4 22. axb4 Rf8 23. Ra1 Ra8 24. Nb5 c6 25. Nc3 Qf7 26. Rac1 Ra3 27. Qf4 Qf6 28. h4 Rc8 (28... Rb3 $142) 29. Bh3 Rf8 30. e3 Rf7 31. Bf1 Kh7 32. Be2 (32. Qg5 $16) 32... g6 $14 33. f3 (33. Rd2 $14) 33... exf3 (33... Kg7 $11) 34. Bxf3 $16 Nf8 35. Bg2 (35. b5 $16 cxb5 36. Bxb7 (36. Nxb5 Ne6 $14) 36... Rxb7 37. Nxb5) 35... Kg7 (35... Rb3 $14) 36. e4 Rb3 {[#]} 37. exf5 $1 Qxf5 (37... gxf5 $14 38. b5 Ng6) 38. Qxf5 $2 (38. Qxd6 $18 {Black must now prevent Rf1.} Qf2+ 39. Kh1) 38... gxf5 $11 39. Ne2 Rxb4 40. Nf4 (40. Rb1 $5 {[%cal Rb1b4]} Rxc4 41. Rxb6 $14) 40... Kh6 ({Black should play} 40... Ng6 $11) 41. Re1 $14 {[%mdl 1024] White has compensation.} Rb3 42. Kf2 Rb2+ 43. Kg1 Rb3 44. Kf2 ({Better is} 44. Kh2 $1 $14) 44... Rb2+ $11 45. Kg1 {Precision: White = 39%, Black = 39%.} 1/2-1/2

[Event "36th Zalakaros Festival 2017"]
[Site "Zalakaros"]
[Date "2017.05.20"]
[Round "3"]
[White "Manea, Alexandru"]
[Black "Aleksandrov, Aleksej"]
[Result "1/2-1/2"]
[WhiteElo "2410"]
[BlackElo "2559"]
[Annotator "TA"]
[PlyCount "88"]
[EventDate "2017.??.??"]
[EventType "swiss"]
[EventCountry "HUN"]
[SourceTitle "playchess.com"]
[Source "ChessBase"]
[SourceQuality "1"]

{[%evp 17,88,43,33,31,25,16,53,29,29,28,31,25,32,25,24,13,11,0,9,0,15,-11,29,0,0,-27,-28,-29,-31,-29,-26,-104,-45,-43,-42,-72,-64,-85,-86,-89,-106,-116,-135,-166,-178,-170,-34,-43,-39,-33,-15,-18,-43,-24,-22,-26,0,0,0,0,0,0,6,0,0,0,0,0,0,0,0,0,0]} 1. d4 Nf6 2. c4 e6 3. Nc3 Bb4 4. Nf3 d5 5. Qa4+ Nc6 6. e3 O-O 7. Bd2 Re8 {D38: Queen's Gambit Declined: Ragozin Defence (4 Nf3 Bb4)} (7... dxc4 8. Bxc4 Bd6 9. Qc2 e5 10. dxe5 Nxe5 11. Nxe5 Bxe5 12. f4 Bxc3 13. Bxc3 Ng4 14. Bd4 c5 15. Bxc5 {½-½ (33) Giri,A (2782)-So,W (2770) Paris 2016}) 8. a3 Bd6 9. c5 Bf8 {LiveBook: 3 Games. White is slightly better.} 10. Bb5 $1 Bd7 11. Qc2 Re7 $146 ({Predecessor:} 11... Nb8 12. Be2 b6 13. b4 a5 14. O-O axb4 15. axb4 Rxa1 16. Rxa1 bxc5 17. bxc5 {0-1 (80) Astrom,R (2427)-Zhao,X (2500) Taby 2007}) 12. b4 a6 13. Bxc6 Bxc6 14. Ne5 Be8 15. O-O Nd7 16. f4 f6 17. Nf3 Bg6 $36 {[%mdl 2048] Black fights for an advantage.} 18. Qb3 c6 19. Ne2 e5 20. dxe5 fxe5 21. Ng3 b6 22. cxb6 Qxb6 23. f5 Bf7 24. Ng5 {[#]} (24. Qd1 $11) 24... h6 ({Better is} 24... c5 $1 $17 25. Qc2 (25. Nxf7 c4 $17) 25... c4) 25. Nxf7 $15 Rxf7 26. Rae1 e4 27. Bc3 {[#]} Nc5 $1 {[%mdl 512]} 28. Qa2 (28. bxc5 Qxb3) 28... Nd3 29. Re2 Bd6 30. Nh5 {[#]} Raf8 $1 31. Qa1 {[%cal Rc3g7]} Qc7 (31... Rxf5 $19 32. Rxf5 Rxf5 33. Nxg7 Re5) 32. g4 $1 Be5 33. Rg2 g6 (33... Qd6 {feels hotter.} 34. Kh1 Qe7 35. Rfg1 Rc8 36. Rf1 Rd8) 34. Bxe5 Qxe5 35. Qxe5 Nxe5 36. Nf4 gxf5 37. gxf5+ {The position is equal.} Kh7 38. Ng6 Re8 {aiming for ...Nf3+.} 39. Nxe5 Rxe5 40. Rc2 Rexf5 41. Rxf5 Rxf5 42. Rxc6 $11 {KR-KR} Rf3 43. Rxa6 Rxe3 44. Rd6 Rxa3 {Precision: White = 44%, Black = 58%.} 1/2-1/2

[Event "36th Zalakaros Festival 2017"]
[Site "Zalakaros"]
[Date "2017.05.20"]
[Round "3"]
[White "Cuhendi, Sean Winshand"]
[Black "Antal, Gergely"]
[Result "0-1"]
[WhiteElo "2407"]
[BlackElo "2517"]
[Annotator "TA"]
[PlyCount "95"]
[EventDate "2017.??.??"]
[EventType "swiss"]
[EventCountry "HUN"]
[SourceTitle "playchess.com"]
[Source "ChessBase"]
[SourceQuality "1"]

{[%evp 11,95,38,34,32,42,47,44,47,37,40,37,37,16,16,28,27,21,0,0,0,0,0,22,0,0,0,0,-32,-32,-32,-32,-38,-32,-53,-54,-59,-60,-61,-58,-64,-34,-36,-40,-40,-31,-23,-20,-66,-69,-64,-58,-71,0,-60,0,-61,-48,-25,-50,-165,-148,-191,-182,-362,-379,-379,-385,-361,-369,-455,-434,-626,-588,-634,-635,-613,-618,-12696,-12718,-5595,-1159,-12352,-12265,-5083,-5173,-4808]} 1. e4 c5 2. Nf3 e6 3. d4 cxd4 4. Nxd4 Nc6 5. Nc3 Qc7 6. Be3 a6 7. Qf3 {B48: Sicilian: Taimanov: 5 Nc3 Qc7 6 Be3 a6 without Be2} Bd6 8. O-O-O {[#] Hoping for Ndb5!} Be5 9. g3 {White is slightly better.} Nge7 10. Qe2 b5 11. f4 Bxd4 12. Bxd4 Nxd4 13. Rxd4 Rb8 14. e5 Bb7 {[#]} 15. Bg2 $146 Bxg2 16. Qxg2 b4 17. Ne4 {aiming for Rhd1.} O-O 18. Rhd1 Nd5 $36 {[%mdl 2048] Black has good play.} 19. Rxd5 exd5 20. Nd6 a5 21. Qxd5 a4 22. Rd3 Qb6 23. Qd4 Qxd4 24. Rxd4 $15 {[%mdl 4096] Endgame KRR-KRN} f6 25. Nc4 Rb7 26. b3 axb3 27. axb3 Ra8 28. Kd2 fxe5 29. fxe5 Rc7 30. Ne3 Rc5 31. Nc4 Rc7 32. Ne3 $1 Rc5 (32... Rf8 $15 33. Rxb4 Rf2+ 34. Kd3 Rxh2) 33. Nd5 ({Better is} 33. Nc4 $1 $11) 33... Re8 (33... Rf8 $5 {[%cal Rf8f2]} 34. Ne7+ Kf7 $17) 34. Nxb4 Rcxe5 35. Rxd7 (35. c4 $1 $15) 35... Re2+ $19 36. Kd3 Rxh2 37. Nc6 $2 (37. c4) 37... Rg2 38. b4 Rxg3+ 39. Kc4 h5 40. b5 Rg2 {Black is clearly winning.} 41. Ne7+ (41. c3 $142 h4 42. Rd3) 41... Kf8 42. Nf5 Rxc2+ 43. Kd3 Rc1 {[#] And now ...Rd1+ would win.} 44. Rxg7 Re5 45. Rg5 Rf1 (45... Rd1+ $142 46. Kc4 Rf1) 46. b6 Rexf5 47. b7 R5f3+ 48. Kd4 {Precision: White = 37%, Black = 82%.} 0-1

[Event "36th Zalakaros Festival 2017"]
[Site "Zalakaros"]
[Date "2017.05.20"]
[Round "3"]
[White "Havasi, Gergo"]
[Black "Horvath, Jozsef"]
[Result "1/2-1/2"]
[WhiteElo "2402"]
[BlackElo "2526"]
[Annotator "TA"]
[PlyCount "28"]
[EventDate "2017.??.??"]
[EventType "swiss"]
[EventCountry "HUN"]
[SourceTitle "playchess.com"]
[Source "ChessBase"]
[SourceQuality "1"]

{[%evp 14,28,25,28,43,49,54,50,47,42,55,25,54,0,0,-7,12]} 1. e4 c6 2. d4 d5 3. Nd2 {[%cal Bb1d2,Bd2e4,Be4g3,Bg3f5][%mdl 32]} dxe4 4. Nxe4 h6 5. Nf3 Bf5 6. Ng3 Bh7 7. Bd3 Bxd3 8. Qxd3 Nd7 {B18: Classical Caro-Kann: 4...Bf5 sidelines} 9. O-O (9. Bd2 Ngf6 10. c4 e6 11. O-O Be7 12. b4 O-O 13. a4 a6 14. Rfe1 Re8 15. Qe2 Bd6 16. Bc3 {½-½ (40) Aharon,O (2355)-Teske,H (2475) Pardubice 2015}) 9... Ngf6 10. Re1 e6 {White is slightly better.} 11. Nf5 Qc7 12. g3 g5 $146 ({Predecessor:} 12... Nh5 13. Bd2 O-O-O 14. Ne3 Nhf6 15. Nc4 Nd5 16. a4 Be7 17. a5 {1-0 (17) Sherwood,R (1927)-Fee,K (1912) ICCF email 2013}) 13. Qb3 ({Better is} 13. h4 $14) 13... O-O-O $11 14. Ne3 c5 1/2-1/2

[Event "36th Zalakaros Festival 2017"]
[Site "Zalakaros"]
[Date "2017.05.20"]
[Round "3"]
[White "Tompa, Janos"]
[Black "Terbe, Julianna"]
[Result "1/2-1/2"]
[WhiteElo "2392"]
[BlackElo "2258"]
[Annotator "NA"]
[PlyCount "113"]
[EventDate "2017.??.??"]
[EventType "swiss"]
[EventCountry "HUN"]
[SourceTitle "playchess.com"]
[Source "ChessBase"]
[SourceQuality "1"]
[TimeControl "40/5400+30:1800+30"]

1. e4 {[%emt 0:00:21]} c5 {[%emt 0:00:38]} 2. Nf3 {[%emt 0:00:24]} Nc6 {[%emt 0:00:07]} 3. Nc3 {[%emt 0:00:26]} e5 {[%emt 0:00:34]} 4. Bc4 {[%emt 0:00:21]} d6 {[%emt 0:00:11]} 5. d3 {[%emt 0:00:38]} Be7 6. h3 {[%emt 0:01:59]} Nf6 {[%emt 0:00:40]} 7. O-O {[%emt 0:01:06]} O-O {[%emt 0:00:14]} 8. a3 {[%emt 0:03:44]} a6 {[%emt 0:03:44]} 9. Ba2 {[%emt 0:04:31]} Be6 {[%emt 0:04:46]} 10. Nd5 {[%emt 0:00:32]} b5 {[%emt 0:02:25]} 11. c3 {[%emt 0:03:23]} Rc8 {[%emt 0:05:11]} 12. Re1 {[%emt 0:05:46]} Bxd5 {[%emt 0:11:17]} 13. exd5 {[%emt 0:05:47]} Nb8 {[%emt 0:01:03]} 14. a4 {[%emt 0:02:35]} Nbd7 {[%emt 0:01:27]} 15. axb5 {[%emt 0:14:59]} axb5 {[%emt 0:00:02]} 16. c4 {[%emt 0:00:07]} Nb6 {[%emt 0:03:18]} 17. Bb3 {[%emt 0:04:12]} Ra8 {[%emt 0:06:26]} 18. Rxa8 {[%emt 0:04:03]} Qxa8 {[%emt 0:00:30]} 19. Nh2 {[%emt 0:09:46]} Re8 {[%emt 0:07:57]} 20. Ng4 {[%emt 0:07:17]} Nfd7 {[%emt 0:10:18]} 21. Bd2 {[%emt 0:01:51]} f5 {[%emt 0:02:04]} 22. Ne3 {[%emt 0:00:05]} g6 {[%emt 0:00:42]} 23. cxb5 f4 {[%emt 0:02:09]} 24. Nc4 {[%emt 0:01:55]} Kg7 {[%emt 0:10:40]} 25. Nxb6 {[%emt 0:02:58]} Nxb6 {[%emt 0:00:02]} 26. Qa1 {[%emt 0:00:08]} Qb8 {[%emt 0:03:26]} 27. Qa6 {[%emt 0:05:12]} Bd8 {[%emt 0:00:15]} 28. Ba5 {[%emt 0:03:07]} Re7 {[%emt 0:01:17]} 29. Bxb6 {[%emt 0:00:10]} Bxb6 {[%emt 0:00:01]} 30. Qa4 {[%emt 0:00:16]} Ra7 {[%emt 0:00:19]} 31. Qc4 {[%emt 0:01:35]} Qa8 {[%emt 0:04:06]} 32. Kh2 {[%emt 0:06:37]} Ra1 {[%emt 0:02:21]} 33. Rd1 {[%emt 0:01:17]} Qa5 {[%emt 0:02:27]} 34. Qc3 {[%emt 0:01:03]} Rxd1 {[%emt 0:02:39]} 35. Qxa5 {[%emt 0:00:35]} Bxa5 {[%emt 0:00:10]} 36. Bxd1 {[%emt 0:00:06]} Kf6 {[%emt 0:00:18]} 37. g3 {[%emt 0:01:18]} fxg3+ {[%emt 0:00:36]} 38. fxg3 {[%emt 0:00:05]} h6 {[%emt 0:02:35]} 39. Kg2 {[%emt 0:00:41]} Bb6 {[%emt 0:00:24]} 40. Bg4 {[%emt 0:00:00]} Ke7 {[%emt 0:00:43]} 41. Kf3 {[%emt 0:00:27]} Kf6 {[%emt 0:00:10]} 42. Bc8 {[%emt 0:01:46]} Ke7 {[%emt 0:00:27]} 43. Ke4 {[%emt 0:01:20]} Kf6 {[%emt 0:00:10]} 44. Bb7 {[%emt 0:00:12]} Ke7 {[%emt 0:00:48]} 45. Bc6 {[%emt 0:00:12]} Kf6 {[%emt 0:00:07]} 46. Be8 {[%emt 0:00:19]} Kg7 {[%emt 0:01:14]} 47. b3 {[%emt 0:04:37]} Kf6 {[%emt 0:00:09]} 48. h4 {[%emt 0:00:35]} Ba7 {[%emt 0:00:50]} 49. Kf3 {[%emt 0:02:27]} Bb6 {[%emt 0:00:18]} 50. Ke2 {[%emt 0:00:51]} Kg7 {[%emt 0:00:18]} 51. Kd2 {[%emt 0:00:21]} Kf6 {[%emt 0:00:14]} 52. Kc3 {[%emt 0:00:36]} Kg7 {[%emt 0:00:31]} 53. Kc2 {[%emt 0:06:17]} Kf6 {[%emt 0:00:11]} 54. Kd1 {[%emt 0:00:24]} Kg7 {[%emt 0:00:11]} 55. Ke2 {[%emt 0:00:04]} Kf6 {[%emt 0:00:05]} 56. Kf3 {[%emt 0:00:07]} Ba7 {[%emt 0:01:51]} 57. Ke4 1/2-1/2

[Event "36th Zalakaros Festival 2017"]
[Site "Zalakaros"]
[Date "2017.05.20"]
[Round "3"]
[White "Paschall, William M"]
[Black "Sadhwani, Raunak"]
[Result "1/2-1/2"]
[WhiteElo "2380"]
[BlackElo "2298"]
[Annotator "NA"]
[PlyCount "41"]
[EventDate "2017.??.??"]
[EventType "swiss"]
[EventCountry "HUN"]
[SourceTitle "playchess.com"]
[Source "ChessBase"]
[SourceQuality "1"]
[TimeControl "40/5400+30:1800+30"]

1. g3 {[%emt 0:00:10]} g6 {[%emt 0:00:53]} 2. Bg2 {[%emt 0:01:10]} Bg7 {[%emt 0:00:06]} 3. d4 {[%emt 0:03:08]} c5 {[%emt 0:07:30]} 4. c3 {[%emt 0:01:34]} Qb6 {[%emt 0:03:59]} 5. Nf3 {[%emt 0:02:34]} Nf6 {[%emt 0:10:02]} 6. O-O {[%emt 0:03:35]} O-O {[%emt 0:00:34]} 7. dxc5 {[%emt 0:09:00]} Qxc5 {[%emt 0:00:10]} 8. Bg5 {[%emt 0:02:23]} d6 {[%emt 0:01:40]} 9. Nbd2 {[%emt 0:03:15]} Qc7 {[%emt 0:01:20]} 10. Bxf6 {[%emt 0:06:20]} Bxf6 {[%emt 0:00:07]} 11. Re1 {[%emt 0:01:09]} b6 {[%emt 0:04:51]} 12. Nd4 {[%emt 0:05:01]} Bb7 {[%emt 0:00:13]} 13. Bxb7 {[%emt 0:08:21]} Qxb7 {[%emt 0:01:04]} 14. e4 {[%emt 0:02:12]} Nc6 {[%emt 0:00:11]} 15. Nxc6 {[%emt 0:01:44]} Qxc6 {[%emt 0:00:05]} 16. a4 {[%emt 0:05:24]} Rfb8 {[%emt 0:04:38]} 17. Ra2 {[%emt 0:05:18]} a6 {[%emt 0:11:17]} 18. Qb3 {[%emt 0:04:30]} Rb7 {[%emt 0:02:12]} 19. Qc4 {[%emt 0:06:47]} Rc7 {[%emt 0:03:28]} 20. Qd3 {[%emt 0:04:30]} Qb7 {[%emt 0:00:40]} 21. Nc4 {[%emt 0:01:24]} 1/2-1/2